Dune Characters and Actors - Statistics

General Stats
  • This quiz has been taken 528 times
    422 since last reset
  • The average score is 21 of 44
Answer Stats
Answer % Correct
Paul Atreides
94%
Timothée Chalamet
87%
Leto Atreides
85%
Lady Jessica
80%
Zendaya
79%
Duncan Idaho
75%
Chang Chen
74%
Oscar Isaac
73%
Chani
70%
Feyd-Rautha Harkonnen
68%
Jason Momoa
67%
Gurney Halleck
66%
Stilgar
62%
Austin Butler
61%
Vladimir Harkonnen
61%
Florence Pugh
60%
Rebecca Ferguson
60%
Glossu "Beast" Rabban
56%
Josh Brolin
56%
Stellan Skarsgård
56%
Dave Bautista
55%
Anya Taylor-Joy
50%
Javier Bardem
50%
Dr. Wellington Yueh
48%
Christopher Walken
46%
Thufir Hawat
45%
Liet-Kynes
44%
Alia Atreides
43%
Shaddam Corrino IV
36%
Piter de Vries
34%
Margot Fenring
31%
Jamis
29%
Léa Seydoux
29%
Arrakis
28%
Gaius Helen Mohiam
27%
Caladan
20%
Irulan Corrino
18%
Charlotte Rampling
12%
David Dastmalchian
12%
Giedi Prime
12%
Stephen McKinley Henderson
8%
Salusa Secundus
6%
Sharon Duncan-Brewster
6%
Babs Olusanmokun
4%
No matching quizzes found
Score Distribution
Percent of People with Each Score
Percentile by Number Answered
Your Score History
You have not taken this quiz since the last reset